00509nam a2200121 a 4500008004100000050001900041100001800060245009500078260013200173350000900305650004000314650003300354100818s2009 ||||||||||||||||| || u aTHESIS/STUDENT aKayongo, John10aUsing Analogical models to teach functions of cell organelles to grade 10 biology students aKitwebCopperbelt University, School of Mathematics and Natural Sciences, Department of Mathematics and Science Educationc2009 a0.00 0aEDUCATIONAL TESTS AND MEASUREMENTS  aEDUCATION, SECONDARY--ZAMBIA